Solutions manual to accompany : applied linear regression models
Αποθηκεύτηκε σε:
| Κύριος συγγραφέας: | |
|---|---|
| Άλλοι συγγραφείς: | , |
| Μορφή: | Βιβλίο |
| Γλώσσα: | English |
| Δημοσίευση: |
Illinois :
Richard D.Irwin,
c1983
|
| Θέματα: | |
| Ετικέτες: |
Προσθήκη ετικέτας
Δεν υπάρχουν, Καταχωρήστε ετικέτα πρώτοι!
|
MARC
| LEADER | 00000nam a2200000 i 4500 | ||
|---|---|---|---|
| 001 | 1/43217 | ||
| 008 | 961105s1983 eng d | ||
| 020 | |z 50-1444-01 | ||
| 035 | |l 10025732 | ||
| 040 | |a GR-MY-UA |b gre |e aacr | ||
| 041 | 0 | |a eng | |
| 082 | 0 | |a 519.4 | |
| 100 | 1 | |a Neter, John. | |
| 245 | 1 | 0 | |a Solutions manual to accompany : |b applied linear regression models / |c John Neter, William Wasserman, Michael H. Kutner |
| 260 | |a Illinois : |b Richard D.Irwin, |c c1983 | ||
| 300 | |a 122 p. | ||
| 650 | 0 | 0 | |a Numerical analysis |x Problems, exercises, etc. |
| 700 | 1 | |a Wasserman, William. | |
| 700 | 1 | |a Kutner, Michael H. | |
| 852 | |a INST |b CHIOS |e 19961105 |h 519.4 NET |p 005200015718 |q 005200015718 |t BK |y 0 | ||
| 909 | |a Χ |b 013339 | ||